00247 a2200109 4500001000700000020000600007040001100013100002300024240004300047245003800090362000900128181574 a  cMagnum aBrant, Luiz Carlos10aAnsiedade escolar e fobia escolarlpor10aAnsiedade escolar e fobia escolar0 a1899